Cross-border lending contagion in multinational banks

Gespeichert in:
Bibliographische Detailangaben
1. Verfasser: Derviz, Alexis
Weitere Verfasser: Podpiera, Jiří
Format: Buch
Sprache:Englisch
Veröffentlicht: Praha Czech National Bank 2006
Schriftenreihe:Working paper series 9/2006
Schlagworte:
Tags: Tag hinzufügen
Keine Tags, Fügen Sie das erste Tag hinzu!

MARC

LEADER 00000nam$a2200000$$$4500
001 0055579
005 20240503084917.8
041 0 |a eng 
044 |a CZ 
245 1 0 |a Cross-border lending contagion in multinational banks  |c Alexis Derviz, Jiří Podpiera 
264 1 |a Praha  |b Czech National Bank  |c 2006 
300 |a 33 s. 
490 1 |a Working paper series  |v 9/2006 
830 0 |a Working paper series  |v 9/2006 
610 2 0 |a banky medzinárodné 
610 2 0 |a pôžičky 
610 2 0 |a regresia 
610 2 0 |a modely 
610 2 0 |a modelovanie ekonometrické 
610 2 0 |a 2006 
100 1 |a Derviz, Alexis 
700 1 |a Podpiera, Jiří